LEADER 04711nam 2200697 450 001 9910145281203321 005 20221206100555.0 010 $a1-281-31807-8 010 $a9786611318079 010 $a0-470-03514-5 010 $a0-470-03515-3 024 7 $a10.1002/9780470035146 035 $a(CKB)1000000000400140 035 $a(EBL)351430 035 $a(SSID)ssj0000244400 035 $a(PQKBManifestationID)11219765 035 $a(PQKBTitleCode)TC0000244400 035 $a(PQKBWorkID)10169444 035 $a(PQKB)10214798 035 $a(MiAaPQ)EBC351430 035 $a(CaBNVSL)mat08039744 035 $a(IDAMS)0b00006485f0d9f6 035 $a(IEEE)8039744 035 $a(PPN)25095396X 035 $a(OCoLC)232612023 035 $a(EXLCZ)991000000000400140 100 $a20171024d2008 uy 101 0 $aeng 135 $aur|n|---||||| 181 $ctxt 182 $cc 183 $acr 200 10$aService automation and dynamic provisioning techniques in IP/MPLS environments /$fChristian Jacquenet, Gilles Bourdon and Mohamed Boucadair 210 1$aHoboken, New Jersey :$cJ. Wiley & Sons,$dc2008. 210 2$a[Piscataqay, New Jersey] :$cIEEE Xplore,$d[2008] 215 $a1 online resource (348 p.) 225 1 $aWiley series on communications networking & distributed systems ;$v18 225 1 $aWiley series in communiations networking & distributed systems. 300 $aDescription based upon print version of record. 311 $a0-470-01829-1 320 $aIncludes bibliographical references and index. 327 $a1 Introduction -- PART I - ARCHITECTURES AND PROTOCOLS FOR SERVICE AUTOMATION AND APPLICATION EXAMPLES OF SERVICE AUTOMATION AND DYNAMIC RESOURCE PROVISIONING TECHNIQUES -- 2 What is a policy? -- 3 The Radius Protocol and its Extensions -- 4 The Diameter Protocol -- 5 The Common Open Policy Service (COPS) Protocol -- 6 NETCONF -- 7 Control and Provisioning of Wireless Access Points (CAPWAP) -- PART II - DYNAMIC RESOURCE PROVISIONING TECHNIQUES -- 8 Dynamic Enforcement of QoS Policies -- 9 Dynamic Enforcement of IP Traffic Engineering Policies in IP/MPLS -- Infrastructures -- 10 Automated Production of BGP/MPLS-Based VPN Networks -- 11 Dynamic Enforcement of Security Policies in IP/MPLS Environments -- 12 Future Challenges -- Appendices -- A XML Schema for NETCONF RPCS and Operations -- B XML Schema for NETCONF Notifications -- C Example of an IP Traffic Engineering Policy Information Base (IP TE PIB) -- D Example of an IP TE Accounting PIB -- E Description of Classes of an IP VPN Information Model -- Index 330 $aSave time & resources with this comprehensive guide to automation configuration for the value-added IP services of the future. As the Internet becomes the medium of choice for value-added IP service offerings such as TV broadcasting, videoconferencing, and Voice over IP, the ability of automating configuration processes has become a key challenge for service providers. In fact, this feature has become crucial with the ever-growing level of expertise required to deploy such services and the scope of the techniques that need to be activated in order to provide such services with a guaranteed level of quality. Service Automation and Dynamic Provisioning Techniques in IP/MPLS Environments: *Discusses architectures and protocols for services information, covering the state-of-the-art in current implementations of Remote Authentication Dial-In User Service (RADIUS), Diameter, Common Open Policy Service (COPS), Simple Network Management Protocol (SNMP) and NETCONF *Explains various application examples, covering the dynamic enforcement of QoS, security, and IP Traffic Engineering policies. *Covers the automated production of MPLS-based VPNs. The authors offer an invaluable guide for IT facilitators, network managers, and researchers in industry and academia, as well as students studying advanced IP/MPLS networking communications courses. System designers and architects will also find this book helpful. 410 0$aWiley series in communiations networking & distributed systems. 606 $aMPLS standard 606 $aTCP/IP (Computer network protocol) 615 0$aMPLS standard. 615 0$aTCP/IP (Computer network protocol) 676 $a004.6/2 676 $a004.62 676 $a621.38 700 $aJacquenet$b Christian$0978924 701 $aBourdon$b Gilles$0978925 701 $aBoucadair$b Mohamed$0908050 801 0$bCaBNVSL 801 1$bCaBNVSL 801 2$bCaBNVSL 906 $aBOOK 912 $a9910145281203321 996 $aService automation and dynamic provisioning techniques in IP$92231388 997 $aUNINA LEADER 04848nam 2200877 450 001 9910810751003321 005 20230807220952.0 010 $a0-520-96185-4 024 7 $a10.1525/9780520961852 035 $a(CKB)3710000000443597 035 $a(EBL)2025579 035 $a(SSID)ssj0001517898 035 $a(PQKBManifestationID)12578684 035 $a(PQKBTitleCode)TC0001517898 035 $a(PQKBWorkID)11506416 035 $a(PQKB)10944879 035 $a(MiAaPQ)EBC2025579 035 $a(DE-B1597)519929 035 $a(OCoLC)913743443 035 $a(DE-B1597)9780520961852 035 $a(Au-PeEL)EBL2025579 035 $a(CaPaEBR)ebr11076421 035 $a(CaONFJC)MIL811226 035 $a(EXLCZ)993710000000443597 100 $a20150721h20152015 uy 0 101 0 $aeng 135 $aurcnu|||||||| 181 $ctxt 182 $cc 183 $acr 200 10$aSurf, sand, and stone $ehow waves, earthquakes, and other forces shape the Southern California coast /$fKeith Heyer Meldahl 210 1$aOakland, California :$cUniversity of California Press,$d2015. 210 4$dİ2015 215 $a1 online resource (237 p.) 300 $aDescription based upon print version of record. 311 0 $a0-520-31839-0 311 0 $a0-520-28004-0 320 $aIncludes bibliographical references and index. 327 $tFront matter --$tContents --$tAuthor Note --$t1. Time, Faults, and Moving Plates: A Recipe for Southern California --$t2. Tsunamis --$t3. Earthquakes --$t4. Disassembling Southern California --$t5. Waves and Surfing --$t6. Beaches and Coastal Bluffs --$t7. Sea-Level Changes and the Ice Ages --$tAfterword --$tAcknowledgments --$tAPPENDIX: Seeing for Yourself --$tGlossary --$tNotes on Sources --$tBibliography --$tIndex 330 $a"Meldahl takes the reader on a tour of coastal Southern California, deftly explaining its complex geologic history, coastal geology, surfing spots, and the processes that shape them. Richly illustrated and told with great humor and enlightening analogies, Surf, Sand, and Stone is easily accessible yet contains valuable resources for those who want to delve deeper."-Mark Johnsson, staff geologist, California Coastal Commission"; Surf, Sand, and Stone is an entertaining and very readable explanation of the complex geology and oceanography of the Southern California coast. Meldahl must be an excellent teacher as he has a real gift for writing about complex topics in a comfortable, engaging, and fascinating manner."; -Gary Griggs, Director, Institute of Marine Sciences, UC Santa Cruz Southern California is sandwiched between two tectonic plates with an ever-shifting boundary. Over the last several million years, movements of these plates have dramatically reshuffled the Earth's crust to create rugged landscapes and seascapes riven with active faults. Movement along these faults triggers earthquakes and tsunamis, pushes up mountains, and lifts sections of coastline. Over geologic time, beaches come and go, coastal bluffs retreat, and the sea rises and falls. Nothing about Southern California's coast is stable. Surf, Sand, and Stone tells the scientific story of the Southern California coast: its mountains, islands, beaches, bluffs, surfing waves, earthquakes, and related phenomena. It takes readers from San Diego to Santa Barbara, revealing the evidence for how the coast's features came to be and how they are continually changing. With a compelling narrative and clear illustrations, Surf, Sand, and Stone outlines how the coast will be altered in the future and how we can best prepare for it. 606 $aCoast changes$zCalifornia, Southern 606 $aGeomorphology$zCalifornia, Southern 610 $acalifornia earthquakes. 610 $acalifornia fault lines. 610 $acalifornia geology. 610 $acalifornia tsunamis. 610 $acoastal geology. 610 $acoastal science. 610 $acoastal shifts california. 610 $aearth sciences. 610 $aearth studies. 610 $ageology. 610 $ageomorphology. 610 $anorth american plate. 610 $aoak ridge fault. 610 $aoceanography. 610 $aoutdoor science. 610 $apacific plate. 610 $asan andreas fault. 610 $asanta ynez fault. 610 $asouthern california coastline. 610 $asouthern california. 610 $atectonic plates california. 610 $atectonic plates. 610 $atectonic shift. 615 0$aCoast changes 615 0$aGeomorphology 676 $a551.457097949 700 $aMeldahl$b Keith Heyer$01623778 801 0$bMiAaPQ 801 1$bMiAaPQ 801 2$bMiAaPQ 906 $aBOOK 912 $a9910810751003321 996 $aSurf, sand, and stone$93958396 997 $aUNINA